Statistics for All Modern-Day Countries Ever Controlled by Greeks

Click here to take the quiz!

General Stats

  • This quiz has been taken 35,899 times
  • The average score is 47 of 49

Answers on the Map

Answers color-coded by a green-red scale on the quiz's map according to % correct below.
 

Answer Stats

Countries% Correct
Italy
100%
Egypt
99%
Greece
99%
Turkey
99%
Iran
98%
Iraq
98%
Israel
98%
Spain
98%
Afghanistan
97%
Albania
97%
Algeria
97%
Croatia
97%
Cyprus
97%
France
97%
India
97%
Morocco
97%
Pakistan
97%
Russia
97%
Saudi Arabia
97%
Vatican City
97%
Bosnia and Herzegovina
96%
Bulgaria
96%
Jordan
96%
Libya
96%
North Macedonia
96%
Serbia
96%
Switzerland
96%
Syria
96%
Tunisia
96%
Georgia
95%
Kosovo
95%
Lebanon
95%
Portugal
95%
Romania
95%
San Marino
95%
Slovenia
95%
Ukraine
95%
Armenia
94%
Kazakhstan
94%
Monaco
94%
Montenegro
94%
Turkmenistan
94%
Uzbekistan
94%
Nepal
93%
Kyrgyzstan
92%
Tajikistan
92%
Kuwait
91%
Azerbaijan
83%
Malta
82%

Score Distribution

Percentile by Number Answered

Percent of People with Each Score

Your Score History

You have not taken this quiz